Preparation and characterization of materials /

Bibliographic Details
Corporate Authors: Indian Institute of Science, Bangalore, Indo-U.S. Workshop on the Preparation and Characterization of Materials
Other Authors: Honig, Jurgen M., Rao, C. N. R. (Chintamani Nagesa Ramachandra), 1934-
Format: Conference Proceeding Book
Language:English
Published: New York : Academic Press, 1981.
Subjects:

MARC

Tag First Indicator Second Indicator Subfields
LEADER 00000pam a2200000 a 4500
001 in00000085556
005 20151008061534.0
008 811120s1981 nyua b 10100 eng
010 |a  81020510  
020 |a 0123550408 
035 |a (OCoLC)08033498 
035 |9 AAJ8278AM 
039 0 |a 2  |b 3  |c 3  |d 3  |e 3 
040 |a DLC  |c DLC  |d TXA  |d UtOrBLW 
049 |a TXAM  |c [1561422] 
050 0 0 |a TA401.3  |b .P73 
082 0 |a 620.1/1  |2 19 
245 0 0 |a Preparation and characterization of materials /  |c edited by J.M. Honig, C.N.R. Rao. 
264 1 |a New York :  |b Academic Press,  |c 1981. 
300 |a xii, 609 pages :  |b illustrations ;  |c 24 cm. 
336 |a text  |b txt  |2 rdacontent 
337 |a unmediated  |b n  |2 rdamedia 
338 |a volume  |b nc  |2 rdacarrier 
500 |a Proceedings of the Indo-U.S. Workshop on the Preparation and Characterization of Materials, held Feb. 19-23, 1981, at the Indian Institute of Science, Bangalore, India. 
504 |a Includes bibliographical references and index. 
650 0 |a Materials  |v Congresses. 
700 1 |a Honig, Jurgen M. 
700 1 |a Rao, C. N. R.  |q (Chintamani Nagesa Ramachandra),  |d 1934- 
710 2 |a Indian Institute of Science, Bangalore. 
711 2 |a Indo-U.S. Workshop on the Preparation and Characterization of Materials  |d (1981 :  |c Indian Institute of Science, Bangalore) 
999 |a MARS 
999 f f |s d34baf79-4189-3928-ba7b-108005cf9ce8  |i f47fc137-110b-34e8-aa0a-6f076a93de41  |t 0 
952 f f |p ric  |a Texas A&M University  |b Rellis Campus  |c Joint Library Facility  |d Remote Storage  |t 0  |e TA401.3 .P73  |h Library of Congress classification  |i unmediated -- volume  |m A14806241855 
998 f f |a TA401.3 .P73  |t 0  |l Remote Storage